000
00206 a2200097 4500
001
24257
100
_a
Chipman, R.B
245
_a
transmission line
260
_a
_b
McGraw-Hill
_c
1966
090
_c
16445
_d
16445
942
_a
NUST-CAE
_c
M
_c
7164
999
_c
259330
_d
259330